| 000 | 01429nam a2200337 a 4500 | ||
|---|---|---|---|
| 001 | ebr10400667 | ||
| 003 | CaPaEBR | ||
| 006 | m u | ||
| 007 | cr cn||||||||| | ||
| 008 | 100720s2010 stk sb 001 0 eng d | ||
| 020 | _z9780748640256 (paperback) | ||
| 020 | _z9780748640263 (hardback) | ||
| 020 | _z9780748642335 (e-book) | ||
| 040 |
_aCaPaEBR _cCaPaEBR |
||
| 035 | _a(OCoLC)657326873 | ||
| 043 | _ae-uk--- | ||
| 050 | 1 | 4 |
_aPR33 _b.E35 2010eb |
| 245 | 0 | 4 |
_aThe Edinburgh introduction to studying English literature _h[electronic resource] / _cedited by Dermot Cavanagh [et al.]. |
| 260 |
_aEdinburgh : _bEdinburgh University Press, _c2010. |
||
| 300 | _aviii, 240 p. | ||
| 504 | _aIncludes bibliographical references and index. | ||
| 505 | 0 | _asection 1. Introductory -- section 2. Poetry -- section 3. Narrative -- section 4. Drama. | |
| 533 |
_aElectronic reproduction. _bPalo Alto, Calif. : _cebrary, _d2010. _nAvailable via World Wide Web. _nAccess may be limited to ebrary affiliated libraries. |
||
| 650 | 0 |
_aEnglish literature _xStudy and teaching (Higher) _zGreat Britain. |
|
| 650 | 0 |
_aEnglish literature _xHistory and criticism. |
|
| 650 | 0 | _aStudy skills. | |
| 655 | 7 |
_aElectronic books. _2local |
|
| 700 | 1 | _aCavanagh, Dermot. | |
| 710 | 2 | _aebrary, Inc. | |
| 856 | 4 | 0 |
_uhttp://site.ebrary.com/lib/rucke/Doc?id=10400667 _zAn electronic book accessible through the World Wide Web; click to view |
| 999 |
_c94250 _d94250 |
||